Keluarga syurga : (Record no. 120088)

MARC details
000 -LEADER
fixed length control field 00741nam a2200265 i 4500
001 - CONTROL NUMBER
control field C2-0319252
003 - CONTROL NUMBER IDENTIFIER
control field PPAK
005 - DATE AND TIME OF LATEST TRANSACTION
control field 20180728115007.0
008 - FIXED-LENGTH DATA ELEMENTS--GENERAL INFORMATION
fixed length control field 121024s2009 my |||| ||||| | may d
020 ## - INTERNATIONAL STANDARD BOOK NUMBER
International Standard Book Number 9789675401367
040 ## - CATALOGING SOURCE
Original cataloging agency PPAK
Language of cataloging eng
Transcribing agency PPAK
Description conventions rda
082 04 - DEWEY DECIMAL CLASSIFICATION NUMBER
Classification number 340.59
Edition number 23
090 00 - LOCALLY ASSIGNED LC-TYPE CALL NUMBER (OCLC); LOCAL CALL NUMBER (RLIN)
Classification number (OCLC) (R) ; Classification number, CALL (RLIN) (NR) 340.59
Feature heading SIT
Feature heading G
100 0# - MAIN ENTRY--PERSONAL NAME
Personal name Siti Zalikhah Md. Nor,
Relator term author
245 10 - TITLE STATEMENT
Title Keluarga syurga :
Remainder of title wanita dan undang-undang
264 #1 - PRODUCTION, PUBLICATION, DISTRIBUTION, MANUFACTURE, AND COPYRIGHT NOTICE
Place of production, publication, distribution, manufacture Kuala Lumpur :
Name of producer, publisher, distributor, manufacturer Blue-T Publication ,
Date of production, publication, distribution, manufacture, or copyright notice 2009
300 ## - PHYSICAL DESCRIPTION
Extent 138 pages ;
Dimensions 20 cm
336 ## - CONTENT TYPE
Source rdacontent
Content type term text
337 ## - MEDIA TYPE
Source rdamedia
Media type term unmediated
338 ## - CARRIER TYPE
Source rdacarrier
Carrier type term volume
650 10 - SUBJECT ADDED ENTRY--TOPICAL TERM
Topical term or geographic name entry element Islamic law - Malaysia.
700 ## - ADDED ENTRY--PERSONAL NAME
Relator term author
Personal name Khairani Yusop,
Relator term editor
942 ## - ADDED ENTRY ELEMENTS (KOHA)
-- dc
Koha item type Book
Holdings
Withdrawn Not for loan Current library Shelving location Date acquired Total Checkouts Full call number Barcode Date last seen Date last checked out Koha item type
    Perpustakaan Alor Setar Pinjaman Dewasa 20/11/2012 1 340.59 SIT A01404349 14/11/2018 13/11/2018 Book
    Perpustakaan Alor Setar Pinjaman Dewasa 20/11/2012 1 340.59 SIT A01404350 06/02/2022 19/01/2022 Book
    Perpustakaan Baling Pinjaman Dewasa 20/11/2012   340.59 SIT A01404357 09/05/2018   Book
    Perpustakaan Bandar Baharu Pinjaman Dewasa 20/11/2012   340.59 SIT A01404358 09/05/2018   Book
    Perpustakaan Jitra Pinjaman Dewasa 20/11/2012   340.59 SIT A01404352 09/05/2018   Book
    Perpustakaan Kuala Nerang Pinjaman Dewasa 20/11/2012   340.59 SIT A01404359 09/05/2018   Book
    Perpustakaan Kulim Pinjaman Dewasa 20/11/2012 2 340.59 SIT A01404354 27/10/2024 02/10/2024 Book
    Perpustakaan Merbok Pinjaman Dewasa 20/11/2012 1 340.59 SIT A01404361 01/10/2023 16/07/2023 Book
    Perpustakaan Pendang Pinjaman Dewasa 20/11/2012   340.59 SIT A01404362 09/05/2018   Book
    Perpustakaan Sik Pinjaman Dewasa 20/11/2012 1 340.59 SIT A01404356 11/05/2021 09/05/2021 Book
    Perpustakaan Yan Pinjaman Dewasa 20/11/2012   340.59 SIT A01404355 09/05/2018   Book